000 00669nam a2200229Ia 4500
003 OSt
005 20220923224133.0
006 a|||||r|||| 00| 0
007 ta
008 Pun
024 _a226,298
037 _cTextual
040 _aARTS
_cARTS
_bPun
041 _2Pun
_aPun
082 _aQ8441wJ34x, 153P5
100 _aਗੁਰਦੇਵ ਸਿੰਘ
245 0 _aਗੁਰੂ ਅਮਰਦਾਸ ਜੀਵਨ ਤੇ ਬਾਣੀ
260 _aਸਮਾਣਾ
_b ਸੰਗਮ ਪਬਲੀਕੇFਨ
_c2005
300 _a109ਪੰ
_ccm.
942 _hQ8441wJ34x, 153P5
_cTEXL
_2CC
999 _c369455
_d369455